000 00446nam a2200181Ia 4500
003 GCL
008 140319s9999 xx 000 0 eng d
040 _aGCL /
_cGCL
082 0 4 _a658.8
_bM M
100 1 _aMASON,CHARLOTTE
245 1 0 _aTHE MARKETING GAME /
_cMASON,CHARLOTTE
700 1 _aPERRAULT, WILLIAN
260 _aنيويورك :
_bIRWIN ،
_c1995
300 _a92 P
650 0 4 _aFINANCE
650 0 4 _aMARKETING
942 _2ddc
_cBK
999 _c12286
_d12286